| 000 | 00890nam a22001817a 4500 | ||
|---|---|---|---|
| 999 |
_c63599 _d63599 |
||
| 003 | Ge_BSU | ||
| 005 | 20251112205442.0 | ||
| 008 | 251112s1960 ge ||||| |||| 00| 0 geo d | ||
| 041 | _ageo | ||
| 080 | _a657.1:35 ა-77 | ||
| 100 |
_aარბოლიშვილი, ტ. _926210 |
||
| 245 |
_aსაბუღალტრო აღრიცხვა საბიუჯეტო დაწესებულებებში : _b(ორმაგი სისტემით) / _cტ. არბოლიშვილი. |
||
| 264 |
_aთბილისი : _bსაქ. პოლიტექნ. ინ-ტის გამ-ბა, _c1960. |
||
| 300 |
_a409 გვ. : _bცხრილ; 13ფ. სქემ. ; _c22 სმ. |
||
| 653 | _aსაბუღალტრო აღრიცხვა | ||
| 653 | _aორმაგი ბუღალტერია | ||
| 942 |
_2udc _cᲬᲘᲒᲜᲘ |
||